000 00364nam a2200157Ia 4500
008 221030s9999 xx 000 0 und d
020 _a9332557161
041 _aEnglish
100 _aJ. Bhasker
245 2 _aA VHDL Primer
_cby J. Bhasker
250 _a3rd
260 _bPearson Education
_aNew Delhi
_c2016
300 _a395
650 _aBB ECE
942 _cBK
999 _c15948
_d15948